| 000 | 00648nam a2200205 i 4500 | ||
|---|---|---|---|
| 001 | 78725 | ||
| 003 | ES-MaACL | ||
| 005 | 20230906173808.0 | ||
| 007 | t| | ||
| 008 | 041015s1948 fr ||||1| fre d | ||
| 100 | 1 |
_aHalphen, Louis. _961625 |
|
| 245 | 1 | 4 |
_aLes barbares _b: des grandes invasions aux conquêtes turques du XI siècle / _cpar Louis Halphen. |
| 250 | _a5e éd. rev. et corr. | ||
| 260 |
_aParis : _bPresses Universitaires de France, _c1948. |
||
| 300 |
_a460 p. ; _c23 cm. |
||
| 490 | 1 | _aPeuples et civilisations | |
| 830 | 0 |
_aPeuples et civilisations _9183588 |
|
| 852 |
_aES-MaACL _jC-32702 _bR.63519 |
||
| 999 |
_c78725 _d78725 |
||